000 00832cab a2200193 4500
001 L136042
008 070104n2006 000 0 eng u
035 _a(Sirsi) u136042
041 0 _aeng
245 0 0 _aEG Finance
_vJLL monthly prime yields
260 _c2006
490 0 _aEstates Gazette
_v(0649) 9 December 2006, 42(1)
520 _aSets out Jones Lang LaSalle's figures on prime yields for the last month. All property yields remained unchanged on the previous month. Prime office yields remained unchanged. The retail sector continued to show sluggish performance. Industrials continued to see strong institutional demand on prime mulltilet lots.
590 _aKA
650 2 4 _aJLL MONTHLY PRIME YIELDS
651 4 _aUnited Kingdom
_y
690 _aPROPERTY-COMMERCIAL PROPERTY-COMMERCIAL PROPERTY MARKET
942 _n0
999 _c78113
_d78113